000 00449nam a2200145Ia 4500
003 OSt
005 20260227104650.0
008 211028s2019 xx 000 0 und d
040 _cAIMIT LIBRARY
041 _aeng
100 _aShridhar, Shetty Manish; Baretto, Royce.
_g1716185
_98159
245 _aStudy on effects of brand switching of customers with reference to Mandovi Motors /
260 _aMangalore
_bDivya Pereira
_c2019
942 _2ddc
_cPRO
999 _c219727
_d219727